00910nam a22001455i 4500001000700000003000900007005001700016008004100033100002400074245012200098260008900220300002100309500021700330852021700547171009ES-MaACL20230906214521.0090422s1872 sp |||| | spa d1 aEscalante, Eduardo.13aEl rey de les criailles b: pieza de costumbres valencianas, en un acto y en verso / coriginal de Eduardo Escalante. aValencia : bLibrería de Juan Mariana y Sanz, editor, c1872 (fImp. de Juan Guix) a27 p. ; c18 cm. aEn port.: Escrita espresamente para el primer actor cómico D. Asensio Mora, y estrenada en su beneficio con estraordinario éxito en el teatro de la Libertad (antes Princesa), la noche del 20 de enero de 1872.1 aBA jF-8576(11) z.- Enc. pasta española q.- Falto de la cub. originalz.- Enc. en un vol. facticio formando parte de la col. "Teatro español moderno", vol. 29 z.- Firma manuscrita Gustavo Saenz Diez, 1872